Statistics for guess the origin of the meal

Click here to take the quiz!

General Stats

  • This quiz has been taken 17 times
  • The average score is 7 of 16

Answer Stats

Answer% Correct
Australia
94%
India
81%
Mexico
81%
Japan
75%
Belgium
69%
Germany
69%
Spain
69%
Greece
56%
Hungary
38%
Pakistan
38%
venezuela
19%
Malta
6%
Tunisia
6%
Ethiopia
0%
Palestine
0%
Zambia
0%

Score Distribution

Percentile by Number Answered

Percent of People with Each Score

Your Score History

You have not taken this quiz